000
00465nam a2200181Ia 4500
008
090124s9999 xx 000 0 und d
082
_b
124410
100
_a
मेहता शशिकला
245
_a
तुळसा
250
_a
1
260
_c
1991
300
_a
207
600
_a
मेहता शशिकला
630
_a
तुळसा
700
_a
मेहता शशिकला
730
_a
तुळसा
942
_c
BOOK
999
_c
170497
_d
170497